International Trade : (Record no. 47482)
[ view plain ]
| 000 -LEADER | |
|---|---|
| fixed length control field | 00553nam a2200193Ia 4500 |
| 005 - DATE AND TIME OF LATEST TRANSACTION | |
| control field | 20260504115842.0 |
| 008 - FIXED-LENGTH DATA ELEMENTS--GENERAL INFORMATION | |
| fixed length control field | 260504s9999 xx 000 0 und d |
| 020 ## - INTERNATIONAL STANDARD BOOK NUMBER | |
| ISBN | 978-1-292-21635-5 |
| 082 ## - DEWEY DECIMAL CLASSIFICATION NUMBER | |
| Classification number | 382 |
| Author Mark | KRU-I |
| 100 ## - MAIN ENTRY--AUTHOR | |
| Author Name | Krugman, Paul R. |
| -- | Maurice Obstfeld |
| -- | Marc J. Melitz |
| 245 #0 - TITLE STATEMENT | |
| Title | International Trade : |
| Sub-Title | Theory and Policy |
| 250 ## - EDITION STATEMENT | |
| Edition statement | 11th ed |
| 260 ## - PUBLICATION, DISTRIBUTION, ETC. | |
| Place of Publication | United Kingdom |
| Name of publisher, distributor, etc. | Pearson Education Limited |
| Date of publication, distribution, etc. | 2018 |
| 300 ## - PHYSICAL DESCRIPTION | |
| Pages | 367 p. |
| 500 ## - GENERAL NOTE | |
| General note | Include an index. |
| 650 ## - SUBJECT ADDED ENTRY--TOPICAL TERM | |
| Subject / Department | International Commerce |
| 650 ## - SUBJECT ADDED ENTRY--TOPICAL TERM | |
| Subject / Department | Accounting |
| 942 ## - ADDED ENTRY ELEMENTS (KOHA) | |
| Koha item type | Book |
| Withdrawn status | Lost status | Damaged status | Not for loan | Collection code | Permanent Location | Current Location | Shelving Location | Date acquired | Source of acquisition | Price | Inventory number | Total Checkouts | Full Call Number | Accession No./Barcode | Date last seen | Koha item type |
|---|---|---|---|---|---|---|---|---|---|---|---|---|---|---|---|---|
| Accounting | Air University Kharian Campus Library | Air University Kharian Campus Library | Accounting | 04/09/2026 | Ali Book Services | 2006.00 | KA/10221 | 382 KRU-I | AUKHP0628 | 05/04/2026 | Book |







